Eat to live : (Record no. 588822)

000 -LEADER
fixed length control field 01995cam a2200373 a 4500
001 - CONTROL NUMBER
control field 16463813
003 - CONTROL NUMBER IDENTIFIER
control field NUST
005 - DATE AND TIME OF LATEST TRANSACTION
control field 20220316194359.0
008 - FIXED-LENGTH DATA ELEMENTS--GENERAL INFORMATION
fixed length control field 100917s2011 nyua b 001 0 eng
010 ## - LIBRARY OF CONGRESS CONTROL NUMBER
LC control number 2010038834
020 ## - INTERNATIONAL STANDARD BOOK NUMBER
International Standard Book Number 9780316120913
020 ## - INTERNATIONAL STANDARD BOOK NUMBER
International Standard Book Number 031612091X
035 ## - SYSTEM CONTROL NUMBER
System control number (OCoLC)ocn548642198
038 ## - RECORD CONTENT LICENSOR
Staff Name Arshad
040 ## - CATALOGING SOURCE
Original cataloging agency DLC
Transcribing agency DLC
Modifying agency YDX
-- BTCTA
-- YDXCP
-- VP@
-- QBX
-- ILC
-- DLC
050 00 - LIBRARY OF CONGRESS CALL NUMBER
Classification number RM222.2
Item number .F84 2011
082 00 - DEWEY DECIMAL CLASSIFICATION NUMBER
Classification number 613.25
Author Mark FUH
100 1# - MAIN ENTRY--PERSONAL NAME
Personal name Fuhrman, Joel.
9 (RLIN) 8073
245 10 - TITLE STATEMENT
Title Eat to live :
Remainder of title the amazing nutrient-rich program for fast and sustained weight loss /
Statement of responsibility, etc. Joel Fuhrman.
250 ## - EDITION STATEMENT
Edition statement Rev. ed.
260 ## - PUBLICATION, DISTRIBUTION, ETC.
Place of publication, distribution, etc. New York :
Name of publisher, distributor, etc. Little, Brown and Co.,
Date of publication, distribution, etc. 2011.
300 ## - PHYSICAL DESCRIPTION
Extent xx, 380 p. :
Other physical details ill. ;
Dimensions 22 cm.
504 ## - BIBLIOGRAPHY, ETC. NOTE
Bibliography, etc. note Includes bibliographical references and index.
505 0# - FORMATTED CONTENTS NOTE
Formatted contents note Foreword / Mehmet C. Oz -- Introduction -- Digging our graves with forks and knives: the effects of the American diet, part I -- Overfed, yet malnourished: the effects of the American diet, part II -- Phytochemicals: nature's "magic" pills -- The dark side of animal protein -- Nutritional wisdom makes you thin -- Breaking free of food addiction -- Eat to live takes on disease -- Your plan for substantial weight reduction -- Sculpting our future in the kitchen: menu plans and recipes -- Frequently asked questions.
520 ## - SUMMARY, ETC.
Summary, etc. Fuhrman offers a highly effective and scientifically proven way to lose weight quickly, with the simple formula of health = nutrients/calories.
563 ## - BINDING INFORMATION
Binding note PBK
650 #0 - SUBJECT ADDED ENTRY--TOPICAL TERM
Topical term or geographic name entry element Weight loss.
9 (RLIN) 8074
650 #0 - SUBJECT ADDED ENTRY--TOPICAL TERM
Topical term or geographic name entry element Reducing diets
Form subdivision Recipes.
9 (RLIN) 8075
856 42 - ELECTRONIC LOCATION AND ACCESS
Materials specified Contributor biographical information
Uniform Resource Identifier <a href="http://www.loc.gov/catdir/enhancements/fy1112/2010038834-b.html">http://www.loc.gov/catdir/enhancements/fy1112/2010038834-b.html</a>
856 42 - ELECTRONIC LOCATION AND ACCESS
Materials specified Publisher description
Uniform Resource Identifier <a href="http://www.loc.gov/catdir/enhancements/fy1112/2010038834-d.html">http://www.loc.gov/catdir/enhancements/fy1112/2010038834-d.html</a>
906 ## - LOCAL DATA ELEMENT F, LDF (RLIN)
a 7
b cbc
c orignew
d 1
e ecip
f 20
g y-gencatlg
942 ## - ADDED ENTRY ELEMENTS (KOHA)
Source of classification or shelving scheme
Koha item type Book
Holdings
Withdrawn status Lost status Source of classification or shelving scheme Damaged status Not for loan Permanent Location Current Location Date acquired Source of acquisition Total Checkouts Full call number Barcode Date last seen Date last checked out Price effective from Koha item type
          Central Library (CL) Central Library (CL) 03/16/2022 Donation 4 613.25 FUH CL1421 02/23/2026 01/12/2026 03/16/2022 Book
© 2023 Central Library, National University of Sciences and Technology. All Rights Reserved.